HMI Based PLC Controlled Automated Cylindrical Dryers (Record no. 33158)
[ view plain ]
| 000 -LEADER | |
|---|---|
| fixed length control field | 00496nam a2200133Ia 4500 |
| 008 - FIXED-LENGTH DATA ELEMENTS--GENERAL INFORMATION | |
| fixed length control field | 260210s9999 xx 000 0 und d |
| 024 ## - OTHER STANDARD IDENTIFIER | |
| Standard number or code | 11B-102-EL, 11B-109-EL, 11B-116-EL & 11B-117-EL |
| 082 ## - DEWEY DECIMAL CLASSIFICATION NUMBER | |
| Classification number | 629.27072 SYE |
| 100 ## - MAIN ENTRY--PERSONAL NAME | |
| Personal name | Syed Faisal Abbas, Nizam Uddin, Muhammad Ali Raza & Syed Muhammad Mustafa |
| 245 #0 - TITLE STATEMENT | |
| Title | HMI Based PLC Controlled Automated Cylindrical Dryers |
| 260 ## - PUBLICATION, DISTRIBUTION, ETC. | |
| Place of publication, distribution, etc. | Karachi: |
| Name of publisher, distributor, etc. | UITU, |
| Date of publication, distribution, etc. | 2011 |
| 600 ## - SUBJECT ADDED ENTRY--PERSONAL NAME | |
| Personal name | Electronic Engineering |
| 650 ## - SUBJECT ADDED ENTRY--TOPICAL TERM | |
| Topical term or geographic name entry element | Bachelor of Engineering (BE) |
No items available.

